000 00955nam a2200301 i 4500
001 000035670
003 DO-SdBNP
005 20240530073921.0
007 ta
008 111108s2011 dr r 001 f spa d
020 _a9789945469493
040 _aDO-SdBNP
_bspa
_cBNPHU
_erda
082 4 _aRD863.44
_bM669u
_222
100 1 _aMiolán, Ángel,
_d1912-2010
_943877
_eautor
245 1 3 _aUn generalísimo :
_bnovela /
_cÁngel Miolán.
264 _aSanto Domingo :
_bNacional,
_c2011.
300 _a160 páginas ;
_c23 cm.
336 _2rdacontent
_atexto
_btxt
337 _2rdamedia
_asin mediación
_bn
338 _2rdacarrier
_avolumen
_bnc
490 _aEspecial 30 de mayo: Puerta a la Libertad
500 _aIncluye datos biográficos del autor en la solapa.
590 _aInventariado, 2020/BT
650 0 _aNovela dominicana
_9223
650 0 _aLiteratura dominicana.
_967
910 _aValidado. Control de calidad EMS
942 _2ddc
_cLBS1
999 _c35161
_d35161